<?xml version="1.0" encoding="UTF-8"?>
<record
    xmlns:xsi="http://www.w3.org/2001/XMLSchema-instance"
    xsi:schemaLocation="http://www.loc.gov/MARC21/slim http://www.loc.gov/standards/marcxml/schema/MARC21slim.xsd"
    xmlns="http://www.loc.gov/MARC21/slim">

  <leader>01012nam a22001937b 4500</leader>
  <controlfield tag="005">20241126152704.0</controlfield>
  <controlfield tag="008">241126b        sa aod|| |||| 00| 0 AFR d</controlfield>
  <datafield tag="020" ind1=" " ind2=" ">
    <subfield code="a">9780624091813</subfield>
    <subfield code="q">pbk</subfield>
  </datafield>
  <datafield tag="040" ind1=" " ind2=" ">
    <subfield code="a">RDA</subfield>
    <subfield code="c">OCLC</subfield>
  </datafield>
  <datafield tag="041" ind1=" " ind2=" ">
    <subfield code="2">A</subfield>
  </datafield>
  <datafield tag="082" ind1=" " ind2=" ">
    <subfield code="a">158.1 STRA</subfield>
  </datafield>
  <datafield tag="100" ind1=" " ind2=" ">
    <subfield code="a">Strauss, Rolene</subfield>
    <subfield code="9">191220</subfield>
  </datafield>
  <datafield tag="245" ind1=" " ind2=" ">
    <subfield code="a">Herontdek jou selfvertroue</subfield>
    <subfield code="b">Sewe stappe na 'n nuwe jy.</subfield>
  </datafield>
  <datafield tag="250" ind1=" " ind2=" ">
    <subfield code="a">First edition</subfield>
  </datafield>
  <datafield tag="260" ind1=" " ind2=" ">
    <subfield code="a">Kaapstad</subfield>
    <subfield code="b">Tafelberg</subfield>
    <subfield code="c">2021</subfield>
  </datafield>
  <datafield tag="300" ind1=" " ind2=" ">
    <subfield code="a">335 pages</subfield>
    <subfield code="b">Illustrations</subfield>
    <subfield code="c">24 cm</subfield>
  </datafield>
  <datafield tag="500" ind1=" " ind2=" ">
    <subfield code="a">Is jy &#x2019;n perfeksionis en voel jy nooit goed genoeg nie? Verhinder jou swak selfbeeld jou om jou doelwitte te bereik? Jy is nie alleen nie. Rolene Strauss deel hoe ook sy met selfvertroue gesukkel het, selfs terwyl sy die Mej. W&#xEA;reld-kroon gedra het, en hoe sy ware selfvertroue gevind het. Di&#xE9; boek is &#x2019;n onmisbare gids vir elke vrou wat soms aan haarself twyfel. Rolene se sewe beproefde stappe vir vroue op soek na die moed om hul drome vreesloos na te jaag, kan ook jou lewe verander.</subfield>
  </datafield>
  <datafield tag="942" ind1=" " ind2=" ">
    <subfield code="2">ddc</subfield>
    <subfield code="c">BOOK</subfield>
    <subfield code="w">174</subfield>
    <subfield code="x">Sanet Schoeman</subfield>
    <subfield code="y">174</subfield>
    <subfield code="z">Sanet Schoeman</subfield>
  </datafield>
  <datafield tag="999" ind1=" " ind2=" ">
    <subfield code="c">771132</subfield>
    <subfield code="d">771131</subfield>
  </datafield>
  <datafield tag="952" ind1=" " ind2=" ">
    <subfield code="0">0</subfield>
    <subfield code="1">0</subfield>
    <subfield code="2">ddc</subfield>
    <subfield code="4">0</subfield>
    <subfield code="7">0</subfield>
    <subfield code="8">100</subfield>
    <subfield code="a">STANRL</subfield>
    <subfield code="b">SECL</subfield>
    <subfield code="c">Non_Fiction</subfield>
    <subfield code="d">2024-11-26</subfield>
    <subfield code="g">391.50</subfield>
    <subfield code="l">0</subfield>
    <subfield code="o">158.1 STRA</subfield>
    <subfield code="p">3322803189793</subfield>
    <subfield code="r">2024-11-26</subfield>
    <subfield code="w">2024-11-26</subfield>
    <subfield code="y">BOOK</subfield>
  </datafield>
  <datafield tag="952" ind1=" " ind2=" ">
    <subfield code="0">0</subfield>
    <subfield code="1">0</subfield>
    <subfield code="2">ddc</subfield>
    <subfield code="4">0</subfield>
    <subfield code="7">0</subfield>
    <subfield code="8">100</subfield>
    <subfield code="a">STANRL</subfield>
    <subfield code="b">THISL</subfield>
    <subfield code="c">Non_Fiction</subfield>
    <subfield code="d">2024-11-26</subfield>
    <subfield code="g">391.50</subfield>
    <subfield code="l">0</subfield>
    <subfield code="o">158.1 STRA</subfield>
    <subfield code="p">3322803189787</subfield>
    <subfield code="r">2024-11-26</subfield>
    <subfield code="w">2024-11-26</subfield>
    <subfield code="y">BOOK</subfield>
  </datafield>
  <datafield tag="952" ind1=" " ind2=" ">
    <subfield code="0">0</subfield>
    <subfield code="1">0</subfield>
    <subfield code="2">ddc</subfield>
    <subfield code="4">0</subfield>
    <subfield code="7">0</subfield>
    <subfield code="8">100</subfield>
    <subfield code="a">STANRL</subfield>
    <subfield code="b">VOLKL</subfield>
    <subfield code="c">Non_Fiction</subfield>
    <subfield code="d">2024-11-26</subfield>
    <subfield code="g">391.50</subfield>
    <subfield code="l">0</subfield>
    <subfield code="o">158.1 STRA</subfield>
    <subfield code="p">3322803189792</subfield>
    <subfield code="r">2024-11-26</subfield>
    <subfield code="w">2024-11-26</subfield>
    <subfield code="y">BOOK</subfield>
  </datafield>
</record>
